Trasa Autobusu 170 Warszawa - Statystyki

Ogólne statystyki
  • Ten quiz został rozwiązany 20 razy
  • Średni wynik to 12 z 21
Statystyki odpowiedzi
Ulice Przystanki % Poprawnych
Targowa Ząbkowska
91%
Targowa Dworzec Wileński
82%
Plac Gen. Józefa Hallera Plac Hallera
82%
Plac Gen. Józefa Hallera Plac Hallera
82%
Naczelnikowska Księcia Ziemowita
73%
Naczelnikowska Naczelnikowska
73%
Swojska Wierna
73%
Ząbkowska Markowska
64%
Wierna PKP Zacisze-Wilno
55%
Wierna PKP Zacisze-Wilno
55%
Jagiellońska Rondo Starzyńskiego
55%
Jagiellońska Rondo Starzyńskiego
55%
Radzymińska Wołomińska
55%
Księcia Ziemowita Chemiczna
45%
Ratuszowa Inzynierska
45%
Radzymińska Korsaka
45%
Księcia Ziemowita Rzeczna
45%
Radzymińska Śnieżna
45%
Księcia Ziemowita Bukowiecka
36%
Księcia Ziemowita Hutnicza
27%
Swojska Plac Ostrej Bramy
27%
Nie znaleziono quizów pasujących do podanych kryteriów
Rozkład punktacji
Procent ludzi z każdym wynikiem
Percentyl według liczby udzielonych odpowiedzi
Twoja historia wyników
Nie rozwiązałeś tego quizu